000 00345nam a2200145Ia 4500
008 240624s9999 xx 000 0 und d
041 _aeng
082 _a808.51 OSB
100 _aOSBORN MICHAEL
245 _aPUBLIC SPEAKING
250 _a(4th ed.)
260 _c2000
_aDelhi
_bA.I.T.B.S.
300 _axxii, : 513 : p. : cm. ; 25
365 _cRS
999 _c1490
_d1490